| Tag |
First Indicator |
Second Indicator |
Subfields |
| LEADER |
00000cam a2200000 a 4500 |
| 001 |
in00001404848 |
| 005 |
20151020064027.0 |
| 008 |
951012s1996 enkab b 001 0 eng |
| 010 |
|
|
|a 95045817
|
| 015 |
|
|
|a GB96-75393
|
| 019 |
|
|
|a 35910815
|
| 020 |
|
|
|a 0521560756 (hardcover)
|
| 020 |
|
|
|a 0521568277 (pbk.)
|
| 035 |
|
|
|a (OCoLC)33358792
|
| 035 |
|
|
|9 AHP4350AM
|
| 040 |
|
|
|a DLC
|c DLC
|d C#P
|d UKM
|d TXA
|d UtOrBLW
|
| 043 |
|
|
|a s-cl---
|
| 049 |
|
|
|a TXAM
|
| 050 |
0 |
0 |
|a F3093
|b .C65 1996
|
| 082 |
0 |
0 |
|a 983/.04
|2 20
|
| 100 |
1 |
|
|a Collier, Simon.
|
| 245 |
1 |
2 |
|a A history of Chile, 1808-1994 /
|c Simon Collier, William F. Sater.
|
| 264 |
|
1 |
|a Cambridge ;
|a New York :
|b Cambridge University Press,
|c 1996.
|
| 300 |
|
|
|a xix, 427 pages :
|b illustrations, maps ;
|c 23 cm.
|
| 336 |
|
|
|a text
|b txt
|2 rdacontent
|
| 337 |
|
|
|a unmediated
|b n
|2 rdamedia
|
| 338 |
|
|
|a volume
|b nc
|2 rdacarrier
|
| 490 |
1 |
|
|a Cambridge Latin American studies ;
|v 82
|
| 504 |
|
|
|a Includes bibliographical references (pages 399-409) and index.
|
| 651 |
|
0 |
|a Chile
|x History
|y 1810-
|
| 651 |
|
0 |
|a Chile
|x History
|y 1565-1810.
|
| 651 |
|
4 |
|a Chile
|x History
|y 1565-1810.
|
| 651 |
|
4 |
|a Chile
|x History
|y 1810-
|
| 653 |
0 |
|
|a Chile
|a History
|
| 700 |
1 |
|
|a Sater, William F.
|
| 830 |
|
0 |
|a Cambridge Latin American studies ;
|v 82.
|
| 948 |
|
|
|a c:blr
|
| 999 |
|
|
|a MARS
|
| 999 |
f |
f |
|s f022aba1-8aa3-3046-a98d-31967e8b572c
|i e2382582-4b96-380a-ba84-aee6b83da4de
|t 0
|
| 952 |
f |
f |
|p ric
|a Texas A&M University
|b Rellis Campus
|c Joint Library Facility
|d Remote Storage
|t 0
|e F3093 .C65 1996
|h Library of Congress classification
|i unmediated -- volume
|m A14822475765
|
| 998 |
f |
f |
|a F3093 .C65 1996
|t 0
|l Remote Storage
|